| 000 | 00491nam a2200169 i 4500 | ||
|---|---|---|---|
| 001 | 30226 | ||
| 003 | ES-MaACL | ||
| 005 | 20230906154147.0 | ||
| 007 | t| | ||
| 008 | 030124s1962 sp ||||1| cat d | ||
| 100 | 1 |
_aBassa y Armengol, Manuel. _926301 |
|
| 245 | 1 | 0 |
_aOrigen de l'escut catalá _b: estudi historic / _cManuel Bassa y Armengol. |
| 250 | _aEd. popular. | ||
| 260 |
_aBarcelona : _bMillá, _c1962. |
||
| 300 |
_a70 p. : _bil. ; _c24 cm. |
||
| 852 |
_aES-MaACL _jC-22431 _bR.50177 |
||
| 999 |
_c30226 _d30226 |
||